LEADER 01572nam a2200337 a 4500 001 000000118166 003 CaOOAMICUS 005 20091214123308.0 008 091120t2009 it u000 u ita r 020 $a978-88-452-6320-0 040 $aPUL$bita$dReb 041 1 $aita$hgrc 245 00$aSofisti :$btestimonianze e frammenti /$cA cura di Mario Untersteiner, con la collaborazione per Crizia di Antonio Battegazzore ; introduzione di Giovanni Reale ; indici di Vincenzo Cicero. 260 $aMilano :$bR.C.S. Libri,$cİ2009. 300 $a1050 p. ;$c20 cm. 490 1 $aBompiani testi a fronte 504 $aBibliografia in nota. 546 $aTesto italiano con testo greco a fronte. 650 4$aSofisti (filosofia greca).$0(OLS)http://pul/subject/3376 700 1 $aUntersteiner, Mario,$d1899-1981.$0(OLS)http://pul/name/4620 700 1 $aCicero, Vincenzo,$d1962-$0(OLS)http://pul/name/675 700 1 $aBattegazzore, Antonio.$0(OLS)http://pul/name/73777 700 1 $aReale, Giovanni,$d1931-2014.$0(OLS)http://pul/name/667 830 0$aBompiani testi a fronte.$0(OLS)http://pul/title/87343 850 $aPUL 852 $aPUL$W1$xSL Filosofia 2$y80$mPhil A2 2.123$j135613$qStampati Altre Collocazioni$B134589$CPULBib$Z2$F134589 $H111611 $82 941 1 $a10 983 0$aTesti a fronte (Bompiani) 996 $6020$a978-88-452-6320-0$9(OLS)http://pul/number/142437 996 $6245$aSofisti :$btestimonianze e frammenti$9(OLS)http://pul/title/34387 996 $6260$aMilano :$bR.C.S. Libri$9(OLS)http://pul/publisher/74600 LEADER 01166nam a2200301 a 4500 001 000000143309 003 CaOOAMICUS 005 20150513120356.0 008 150513s2014 it u000 u ita r 020 $a978-88-348-4937-8 040 $aPUL$bita 082 04$a345.45 245 00$aProcedura penale /$cOreste Dominioni ... [et al.]. 250 $a3. ed. 260 $aTorino :$bG. Giappichelli,$cİ2014. 300 $aXXXIV, 1049 p. ;$c24 cm 504 $aBibliografia in nota. 650 4$aDiritto penale$zItalia.$0(OLS)http://pul/subject/10217 650 4$aProcedura penale$zItalia.$0(OLS)http://pul/subject/12686 700 1 $aDominioni, Oreste.$0(OLS)http://pul/name/28641 850 $aPUL 852 $aPUL$W1$xSL Diritto e Scienze Sociali 3$y79$m345. 45 DOMOR 2$j165423$qDDC 21$B165688$CPULBib$Z2$F165688 $H125713 $82 941 1 $a9 996 $6020$a978-88-348-4937-8$9(OLS)http://pul/number/157514 996 $6082$a345.45$9(OLS)http://pul/classification/371 996 $6245$aProcedura penale$9(OLS)http://pul/title/51522 996 $6260$aTorino :$bG. Giappichelli$9(OLS)http://pul/publisher/49130